Szegedi tisztviselők a drágaság ellen
Elmentve itt :
| Dokumentumtípus: | Cikk |
|---|---|
| Megjelent: |
1911-10-31
|
| Sorozat: | Délmagyarország
2 No. 250 |
| Kulcsszavak: | Perjéssy László, Reich Manó, Dittrói Nándor, Gazdasági élet Szeged 1911 |
| Online Access: | http://dmarchiv.bibl.u-szeged.hu/58892 |
| LEADER | 00474nab a2200145 i 4500 | ||
|---|---|---|---|
| 001 | delm58892 | ||
| 005 | 20180927144652.0 | ||
| 008 | 180927s1911 hu o 0|| hun d | ||
| 040 | |a SZTE Délmagyarország Archívum |b hun | ||
| 041 | |a hun | ||
| 245 | 0 | 0 | |a Szegedi tisztviselők a drágaság ellen |h [elektronikus dokumentum] |
| 260 | |c 1911-10-31 | ||
| 300 | |a 7 | ||
| 490 | 0 | |a Délmagyarország |v 2 No. 250 | |
| 695 | |a Perjéssy László, Reich Manó, Dittrói Nándor, Gazdasági élet Szeged 1911 | ||